000 00492nam a2200169Ia 4500
003 OSt
005 20200622111537.0
008 190216s9999||||xx |||||||||||||| ||und||
040 _coclc
082 _a954.27
_bSMI/A
100 _aSmith, Vincent A
_93001
245 0 _aAkbar The Great Mogul 1542-1605 /
_cVincent A Smith
260 _bS Chand & Company,
_c1987.
_aNew Delhi:
300 _a398p
650 _aHistory
942 _cREF
_2ddc
_h954.27
_iSMI/A
_k954.27
_mSMI/A
999 _c35775
_d35775